00539 2200193 4500001002100000005001500021035002000036245002900056100001500085250001100100300004500111260004900156082001200205084001800217020001800235600003800253008004100291990001300332INLIS00000000000278820260407092839 a0010-04260000031 aHai, Miiko! /cOno Eriko0 aEriko, Ono aVol. 2 a184 hlm. :bIlustrasi ;c11,2 x 17,6 cm. aJakarta :bGramedia Pustaka Utama-M&C,c2003 a741.559 a741.559 ERI h a9789792308259 4aManga (Comic books, strips, etc.)260407 g 1 ind  a11903552